| 000 | 003530000a22001450004500 | ||
|---|---|---|---|
| 020 | _a968-13-3671-2 | ||
| 082 | 0 | 4 | _aB R875d |
| 100 | 1 | _aRunnells, Treesha | |
| 245 | 1 | 0 | _aDiez estrellitas de los deseos / Treesha Runnells |
| 260 | _aMéxico : Diana S.A. | ||
| 300 | _a20 P. / 18 cm. | ||
| 500 | _aDe 3 años en adelante | ||
| 001 | 1294 | ||
| 942 | _cLGB | ||
| 999 |
_c48465 _d48465 |
||